Most Googled - Multiple Choice - Statistics

General Stats
  • This quiz has been taken 50 times
  • The average score is 7 of 15
Answer Stats
Question Answer % Correct
Central American Countries Costa Rica
100%
US Universities Harvard University
100%
Athletes Lionel Messi
100%
Superheroes Spiderman
100%
Nordic Countries Sweden
100%
Automobile Makes Ford
50%
Sitcoms Friends
50%
World Leaders Joe Biden
50%
European Football Clubs FC Barcelona
0%
NBA Teams Golden State Warriors
0%
Music Artists Justin Bieber
0%
European Capitals London
0%
Oceans Pacific Ocean
0%
US States Texas
0%
Animated Film Series Toy Story
0%
No matching quizzes found
Score Distribution
Percent of People with Each Score
Percentile by Number Answered
Your Score History
You have not taken this quiz